Classifica Marcatori Serie A 2008-2009 - Statistics

Statistiche generali
  • Questo quiz è stato fatto 106 volte
  • Il punteggio medio è 14 su 16
Statistiche sulle risposte
Gol Nazione Squadra Calciatore % Corretto
25 Svezia Milan Zlatan Ibrahimović
99%
24 Argentina Genoa Diego Milito
98%
14 Italia Palermo Fabrizio Miccoli
96%
13 Italia Juventus Alessandro Del Piero
95%
14 Uruguay Palermo Edinson Cavani
95%
13 Italia Roma Francesco Totti
95%
13 Romania Fiorentina Adrian Mutu
94%
19 Italia Fiorentina Alberto Gilardino
91%
16 Brasile Milan Kakà
91%
13 Italia Chievo Sergio Pellissier
88%
24 Italia Bologna Marco Di Vaio
86%
13 Italia Milan Filippo Inzaghi
85%
15 Brasile Milan Alexandre Pato
84%
13 Argentina Lazio Mauro Zárate
61%
14 Italia Cagliari Robert Acquafresca
54%
13 Italia Udinese Fabio Quagliarella
40%
Nessun quiz corrispondente trovato
Distribuzione punteggi
Percentuale di utenti per punteggio
Percentile per numero di risposta
I tuoi punteggi nel tempo
Non hai fatto questo quiz